00603nam a2200241Ia 4500003000900000008004100009040001300050040001300063041000800076100001800084100001400102245004200116250002200158260002100180260000900201300001100210300001200221490001800233490000600251600007100257700001900328700001400347IT-RoPAU120407s9999 xx 000 0 und d aIT-RoPAU cIT-RoPAU aita aCarl Andersen ca cura di aDizionario Storico del Cristianesimo. aCinisello Balsamo aEdizioni Paoline c1982 a787 p. c21,5 cm aI Dizionari,3 v1 a"1. Storia della Chiesa. ISBN 88-215-2450-7 CDU 035 23/3 000264" aGeorge Denzler ca cura di